| 000 | 00610cam a22001572a 4500 | ||
|---|---|---|---|
| 001 | 001412 | ||
| 003 | AR-FADEU | ||
| 008 | 311216n########xxu####################dd | ||
| 100 | _aEscoda, Vanesa Marcela | ||
| 245 | _a"Este tema jamás lo hablamos" : Representaciones espaciales y espacios de representación. Los productores de los Valles Medio e Inferior de Río Negro, involucrados en el Proyecto Agroalimentario firmado con China (2010) | ||
| 260 | _bUniversidad Nacional del Comahue | ||
| 260 | _aNeuquén | ||
| 440 | _aTesis de Grado | ||
| 650 | _aAGRICULTURA/SERVICIO SOCIAL-TESIS/ | ||
| 942 | _cFOLLETO | ||
| 999 |
_c1897 _d1897 |
||